15 größte Städte Niederlande - Statistiken

Allgemein
  • Dieses Quiz wurde 66 mal gespielt
  • Das Durchschnittsergebnis liegt bei 8 aus 15
Antwortstatistiken
Einwohner Antwort % Korrekt
935.000 Amsterdam
100%
673.000 Rotterdam
100%
569.000 Den Haag
95%
249.000 Eindhoven
86%
377.000 Utrecht
83%
244.000 Groningen
78%
169.000 Arnhem
46%
189.000 Nijmegen
42%
230.000 Tilburg
42%
169.000 Haarlem
36%
189.000 Breda
32%
230.000 Almere
25%
169.000 Apeldoorn
20%
163.000 Amersfoort
15%
165.000 Haarlemmermeer
3%
Keine übereinstimmenden Quizze gefunden
Verteilung der Resultate
Anzahl Personen mit jedem Resultat
Perzentil nach korrekt beantworteten Fragen
Ihre Resultats-Entwicklung
Sie haben dieses Quiz noch nicht gespielt